[Event "16th Corsica Masters KO"]
[Site "Bastia FRA"]
[Date "2012.10.28"]
[Round "1.1"]
[White "Short, Nigel D"]
[Black "Seletsky, Grigory"]
[Result "1-0"]
[WhiteTitle "GM"]
[BlackTitle "FM"]
[WhiteElo "2707"]
[BlackElo "2318"]
[WhiteFideId "400025"]
[BlackFideId "14112191"]
[EventDate "2012.10.28"]

1. e4 e6 2. d4 d5 3. Nc3 Nf6 4. exd5 exd5 5. Bg5 Be7 6. Bd3 Bg4 7. Nge2 Bh5 8.
Qd2 Bg6 9. Bxg6 hxg6 10. O-O-O Nc6 11. h4 Qd7 12. Nf4 O-O-O 13. f3 Kb8 14. Rhe1
Bb4 15. Nd3 Bd6 16. Ne5 Qf5 17. g4 Qc8 18. Nxf7 Rdf8 19. Nxh8 Rxh8 1-0

[Event "16th Corsica Masters KO"]
[Site "Bastia FRA"]
[Date "2012.10.28"]
[Round "1.1"]
[White "Gharamian, Tigran"]
[Black "Shchekachev, Andrei"]
[Result "1-0"]
[WhiteTitle "GM"]
[BlackTitle "GM"]
[WhiteElo "2661"]
[BlackElo "2519"]
[WhiteFideId "13301527"]
[BlackFideId "4107730"]
[EventDate "2012.10.28"]

1. e4 c5 2. Nf3 e6 3. d4 cxd4 4. Nxd4 a6 5. Bd3 Qb6 6. Be3 Bc5 7. c3 Qxb2 8. O-O
Qb6 9. Qg4 g6 10. Nd2 Qc7 11. e5 d5 12. c4 Nd7 13. cxd5 Nxe5 14. Qg3 Nf6 15.
Rac1 Nh5 16. Rxc5 Nxg3 17. Rxc7 Nxf1 18. Bxf1 exd5 19. N2f3 Nxf3+ 20. Nxf3 O-O
21. h4 b5 22. h5 Be6 23. Bf4 Rfc8 24. Rb7 d4 25. a3 Bd5 26. Rb6 Bxf3 27. gxf3
Rc3 28. Bd6 Rd8 29. Be7 Re8 30. Bb4 Rxf3 31. Rxa6 Rd8 32. Be7 Rd7 33. h6 f6 34.
Bxb5 Rxe7 35. Ra8+ Kf7 36. Bc4+ Re6 37. Ra7+ Ke8 38. Bxe6 d3 39. Rxh7 1-0

[Event "16th Corsica Masters KO"]
[Site "Bastia FRA"]
[Date "2012.10.28"]
[Round "1.1"]
[White "Bacrot, Etienne"]
[Black "Philippe, Christophe"]
[Result "1-0"]
[WhiteTitle "GM"]
[BlackTitle "IM"]
[WhiteElo "2705"]
[BlackElo "2391"]
[WhiteFideId "605506"]
[BlackFideId "610038"]
[EventDate "2012.10.28"]

1. d4 Nf6 2. Nf3 c5 3. d5 e6 4. c4 exd5 5. cxd5 d6 6. e4 g6 7. Bd3 Bg7 8. h3 O-O
9. O-O Nbd7 10. Bf4 Qe7 11. Nc3 a6 12. a4 Nh5 13. Bh2 Ne5 14. Be2 Bd7 15. Nxe5
Bxe5 16. Bxh5 Bxh2+ 17. Kxh2 Qe5+ 18. f4 Qxh5 19. Qxh5 gxh5 20. e5 Bf5 21. g4
hxg4 22. hxg4 Bd3 23. Rf3 c4 24. e6 Rae8 25. f5 f6 26. Rh3 Re7 27. Kg3 Rg7 28.
Kf4 Rb8 29. Rh6 Rf8 30. Rg1 Kh8 31. a5 Rc7 32. Rgh1 Rg7 33. Rg1 Rc7 34. g5 fxg5+
35. Rxg5 Rg7 36. f6 Rxg5 37. Kxg5 Rg8+ 38. Kf4 Bg6 39. Rxg6 Rxg6 40. e7 Rxf6+
41. Ke4 1-0

[Event "16th Corsica Masters KO"]
[Site "Bastia FRA"]
[Date "2012.10.28"]
[Round "1.1"]
[White "Fressinet, Laurent"]
[Black "Battaglini, Gabriel"]
[Result "1/2-1/2"]
[WhiteTitle "GM"]
[BlackTitle "IM"]
[WhiteElo "2702"]
[BlackElo "2434"]
[WhiteFideId "608742"]
[BlackFideId "621650"]
[EventDate "2012.10.28"]

1. Nf3 Nf6 2. c4 e6 3. g3 d5 4. Bg2 dxc4 5. Qa4+ Nbd7 6. Qxc4 a6 7. Qc2 c5 8.
Nc3 Bd6 9. O-O O-O 10. a4 Rb8 11. a5 Bc7 12. Qa4 b5 13. axb6 Nxb6 14. Qc2 c4 15.
b3 cxb3 16. Qxb3 Nbd5 17. Qc2 Nb4 18. Qd1 a5 19. d3 Bb7 20. Ba3 Nfd5 21. Qd2 f6
22. Ne4 Bb6 23. Rfc1 Qe7 24. d4 Rfc8 25. Rab1 Rxc1+ 26. Rxc1 Rc8 27. Rxc8+ Bxc8
28. Nc3 Qc7 29. Na4 Qc2 30. Nxb6 Qxd2 31. Nxd2 Nxb6 32. Be4 Ba6 33. e3 Nc4 34.
Nxc4 Bxc4 35. Bb1 f5 36. f3 Kf7 37. Kf2 g5 38. e4 fxe4 39. fxe4 Ba2 40. Bxa2
Nxa2 41. Ke3 Nc3 42. Kd3 Nd1 43. Ke2 Nc3+ 44. Kd3 Nd1 45. Ke2 Nc3+ 46. Kd3 Nd1
47. Ke2 1/2-1/2

[Event "16th Corsica Masters KO"]
[Site "Bastia FRA"]
[Date "2012.10.28"]
[Round "1.1"]
[White "Van Wely, Loek"]
[Black "Djuric, Stefan"]
[Result "1-0"]
[WhiteTitle "GM"]
[BlackTitle "GM"]
[WhiteElo "2688"]
[BlackElo "2445"]
[WhiteFideId "1000268"]
[BlackFideId "900133"]
[EventDate "2012.10.28"]

1. d4 Nf6 2. c4 g6 3. Nc3 Bg7 4. e4 O-O 5. Be2 d6 6. Nf3 e5 7. O-O Qe7 8. Bg5
Nbd7 9. Qd2 exd4 10. Nxd4 c6 11. Rfe1 Nc5 12. Bf1 a5 13. Rad1 Qc7 14. Bf4 Ne8
15. Bh6 Qb6 16. Bxg7 Nxg7 17. h3 a4 18. Nf3 Be6 19. Qh6 f6 20. Rxd6 Qxb2 21. Qe3
Qb4 22. Rb1 Qa5 23. Rbd1 Rae8 24. Qd4 a3 25. Ne1 Nh5 26. g3 Bc8 27. Bg2 Be6 28.
Nc2 Nd7 29. Rb1 Ne5 30. Rxb7 c5 31. Qd2 Bf7 32. Ne3 Rd8 33. Rxd8 Rxd8 34. Ned5
Nxc4 35. Qh6 Nd6 36. Re7 Nc8 37. Rc7 Qa6 38. Bf1 Qd6 39. Bc4 Ng7 1-0

[Event "16th Corsica Masters KO"]
[Site "Bastia FRA"]
[Date "2012.10.28"]
[Round "1.2"]
[White "Philippe, Christophe"]
[Black "Bacrot, Etienne"]
[Result "0-1"]
[WhiteTitle "IM"]
[BlackTitle "GM"]
[WhiteElo "2391"]
[BlackElo "2705"]
[WhiteFideId "610038"]
[BlackFideId "605506"]
[EventDate "2012.10.28"]

1. e4 e5 2. Nc3 Nf6 3. f4 d5 4. fxe5 Nxe4 5. Nf3 Nc6 6. Qe2 Bf5 7. d3 Nxc3 8.
bxc3 d4 9. Bb2 dxc3 10. Bxc3 Qd5 11. g3 Qc5 12. Qd2 Qxc3 13. Qxc3 Bb4 14. Kd2
O-O-O 15. Bg2 Bxc3+ 16. Kxc3 Rhe8 17. Rhe1 Bg4 18. Rab1 b6 19. Ng5 Nxe5 20. d4
h6 21. Rxe5 Rxe5 22. dxe5 hxg5 23. Rf1 Be6 24. a3 c5 25. Be4 Rd4 26. Bd3 Kc7 27.
Bf5 Kd7 28. Bd3 Ke7 29. Ra1 Rd5 30. a4 Rxe5 31. a5 c4 32. axb6 axb6 33. Bf1 g4
34. Ra7+ Kf6 35. Rb7 b5 36. Bg2 Re2 37. Bc6 Rxh2 38. Bxb5 Rg2 39. Bxc4 Bxc4 40.
Kxc4 Rxc2+ 41. Kd4 Rf2 42. Rb6+ Kg5 43. Rb1 Rf3 44. Rg1 g6 45. Rg2 f5 46. Ke5
Rd3 47. Rg1 Rd2 48. Ra1 Rg2 49. Ra3 Rf2 50. Ke6 Rf3 51. Ra6 Rxg3 52. Kf7 Rb3 53.
Rxg6+ Kf4 54. Rf6 g3 55. Kg6 g2 56. Rxf5+ Kg3 0-1

[Event "16th Corsica Masters KO"]
[Site "Bastia FRA"]
[Date "2012.10.28"]
[Round "1.2"]
[White "Djuric, Stefan"]
[Black "Van Wely, Loek"]
[Result "1/2-1/2"]
[WhiteTitle "GM"]
[BlackTitle "GM"]
[WhiteElo "2445"]
[BlackElo "2688"]
[WhiteFideId "900133"]
[BlackFideId "1000268"]
[EventDate "2012.10.28"]

1. d4 Nf6 2. c4 e6 3. Nc3 Bb4 4. g3 c5 5. d5 O-O 6. Bg2 d6 7. Bd2 Re8 8. a3 Bxc3
9. Bxc3 exd5 10. cxd5 b6 11. Nh3 Ba6 12. Nf4 Nbd7 13. O-O Ne5 14. Re1 Qd7 15.
Qc2 Re7 16. b3 Rae8 17. Rad1 Bc8 18. Qb2 Qb5 19. a4 Qa6 20. h3 h6 21. Kh2 Bf5
22. g4 Bh7 23. f3 b5 24. axb5 Qxb5 25. e4 Rb8 26. Qa1 Nfd7 27. Qxa7 Ree8 28. Qa1
Qxb3 29. Rb1 Qc2 30. Rxb8 Rxb8 31. Re2 Qb1 32. Qxb1 Rxb1 33. Ra2 Rb8 34. Ra6 Rb6
35. Ra7 g5 36. Nh5 Bg6 37. Ra8+ Kh7 38. Bxe5 Nxe5 39. Nf6+ Kg7 40. Ne8+ Kh7 41.
Nf6+ Kg7 42. Ne8+ Kh7 43. Kg3 Nd3 44. Nf6+ Kg7 45. Ne8+ Kh7 46. Nf6+ Kg7 47.
Ne8+ Kh7 48. h4 gxh4+ 49. Kxh4 Rb2 50. Kg3 c4 51. Rc8 Rc2 52. Nf6+ Kg7 53. Ne8+
Kh7 54. Nf6+ Kg7 55. Ne8+ Kh7 56. Bf1 Ne5 57. Nf6+ Kg7 58. Ne8+ Kh7 59. Bh3 Rc1
60. Nf6+ Kg7 61. Ne8+ Kh7 62. Nf6+ Kg7 63. Ne8+ Kh7 64. Nf6+ Kg7 65. Ne8+ 1/2-1/2

[Event "16th Corsica Masters KO"]
[Site "Bastia FRA"]
[Date "2012.10.28"]
[Round "1.2"]
[White "Fier, Alexandr"]
[Black "Brkic, Ante"]
[Result "0-1"]
[WhiteTitle "GM"]
[BlackTitle "GM"]
[WhiteElo "2563"]
[BlackElo "2575"]
[WhiteFideId "2107139"]
[BlackFideId "14506688"]
[EventDate "2012.10.28"]

1. d4 Nf6 2. c4 e6 3. Nf3 Bb4+ 4. Nbd2 O-O 5. a3 Be7 6. e4 d5 7. e5 Nfd7 8. Bd3
c5 9. O-O Re8 10. Qc2 h6 11. dxc5 Nxc5 12. Bh7+ Kh8 13. b4 Ncd7 14. cxd5 exd5
15. Bb2 Nf8 16. Bd3 Nc6 17. b5 Na5 18. Nd4 Ne6 19. f4 Bc5 20. Nf3 Qb6 21. Kh1
Nxd4 22. Bxd4 Bxd4 23. Rad1 Be3 24. f5 Bd7 25. f6 gxf6 26. exf6 Rac8 27. Qb2 d4
28. Qb4 Rc3 29. Ne5 Be6 30. Ng6+ fxg6 31. Bxg6 Rc4 32. Qe1 Rf8 33. Qg3 Qc7 34.
Qf3 Qe5 35. Rde1 Qg5 36. Be4 Rc7 37. g3 Rcf7 38. h4 Qg4 0-1

[Event "16th Corsica Masters KO"]
[Site "Bastia FRA"]
[Date "2012.10.28"]
[Round "1.2"]
[White "Battaglini, Gabriel"]
[Black "Fressinet, Laurent"]
[Result "1/2-1/2"]
[WhiteTitle "IM"]
[BlackTitle "GM"]
[WhiteElo "2434"]
[BlackElo "2702"]
[WhiteFideId "621650"]
[BlackFideId "608742"]
[EventDate "2012.10.28"]

1. d4 d5 2. c4 c6 3. Nc3 Nf6 4. cxd5 cxd5 5. Nf3 Nc6 6. Bf4 a6 7. Rc1 Bf5 8. Ne5
Rc8 9. e3 Nxe5 10. dxe5 Ne4 11. Nxe4 Rxc1 12. Qxc1 dxe4 13. Be2 Qa5+ 14. Qd2
Qxd2+ 15. Kxd2 e6 16. h4 h6 17. Rc1 Bb4+ 18. Kc2 Kd7 19. Kb3 Be7 20. g4 Bh7 21.
h5 Rc8 22. Rxc8 Kxc8 23. a4 Kd7 24. Kc4 Kc6 25. b4 b5+ 26. Kc3 Kb6 27. a5+ Kc6
28. Bd1 Bh4 29. Bg3 Bxg3 30. fxg3 Kd5 31. Be2 Bg8 32. Bf1 Bh7 33. Be2 Bg8 34.
Bf1 Bh7 35. Be2 1/2-1/2

[Event "16th Corsica Masters KO"]
[Site "Bastia FRA"]
[Date "2012.10.28"]
[Round "1.2"]
[White "Shchekachev, Andrei"]
[Black "Gharamian, Tigran"]
[Result "0-1"]
[WhiteTitle "GM"]
[BlackTitle "GM"]
[WhiteElo "2519"]
[BlackElo "2661"]
[WhiteFideId "4107730"]
[BlackFideId "13301527"]
[EventDate "2012.10.28"]

1. Nf3 c5 2. c4 Nc6 3. d4 cxd4 4. Nxd4 Nf6 5. Nc3 e6 6. a3 Bc5 7. Nb3 Be7 8. g3
b6 9. Bg2 Ba6 10. Nb5 O-O 11. Bf4 Rc8 12. Nd6 Bxd6 13. Bxd6 Re8 14. Nd2 Na5 15.
b3 Nb7 16. Be5 d5 17. O-O Nc5 18. b4 Ncd7 19. Bxf6 Nxf6 20. Qa4 Bxc4 21. Nxc4
Rxc4 22. Qxa7 Ne4 23. Bxe4 Rxe4 24. Rac1 Rxe2 25. Rc7 Rf8 26. Qxb6 Ra2 27. b5
Rxa3 28. Rfc1 d4 29. Qc5 Ra8 30. b6 d3 31. b7 d2 32. Rd1 Rb8 33. Qc6 Qg5 34. Rd7
Rfd8 35. f4 Qa5 36. Qc7 Qa7+ 37. Kf1 Rxd7 38. Qxd7 Qxb7 39. Qxd2 g6 40. Kg1 Qb6+
41. Kg2 Qb2 42. h4 Qxd2+ 43. Rxd2 h5 0-1

[Event "16th Corsica Masters KO"]
[Site "Bastia FRA"]
[Date "2012.10.28"]
[Round "1.2"]
[White "Seletsky, Grigory"]
[Black "Short, Nigel D"]
[Result "0-1"]
[WhiteTitle "FM"]
[BlackTitle "GM"]
[WhiteElo "2318"]
[BlackElo "2707"]
[WhiteFideId "14112191"]
[BlackFideId "400025"]
[EventDate "2012.10.28"]

1. e4 e6 2. d4 d5 3. Nd2 c5 4. exd5 exd5 5. Ngf3 Nf6 6. dxc5 Bxc5 7. Nb3 Bb6 8.
Be2 O-O 9. O-O h6 10. c3 Nc6 11. Nfd4 Re8 12. Be3 Ne5 13. Nc2 Bc7 14. h3 Ng6 15.
f4 Bf5 16. Bd3 Nh4 17. Nbd4 Be4 18. Bxe4 Rxe4 19. Nb5 Bb8 20. Nbd4 Qd7 21. Qd3
a6 22. Rae1 Bc7 23. Bc1 Bb6 24. Kh2 Rae8 25. Nf3 Nxf3+ 26. Qxf3 Qa4 27. Qd3 Qxa2
28. Nb4 Qc4 29. Qxc4 dxc4 30. Rxe4 Rxe4 31. Rd1 Bc7 32. Nd5 Nxd5 33. Rxd5 Bxf4+
34. Bxf4 Rxf4 35. Rd8+ Kh7 36. Rd7 b5 37. Ra7 Rf2 38. Rxa6 Rxb2 39. Rb6 Rb3 40.
h4 h5 41. g3 f6 42. Kg2 Kh6 43. Rb7 g5 44. Rb6 gxh4 45. Rxf6+ Kg5 46. Rb6 hxg3
47. Kxg3 Rxc3+ 0-1

[Event "16th Corsica Masters KO"]
[Site "Bastia FRA"]
[Date "2012.10.28"]
[Round "1.4"]
[White "Fressinet, Laurent"]
[Black "Battaglini, Gabriel"]
[Result "1-0"]
[WhiteTitle "GM"]
[BlackTitle "IM"]
[WhiteElo "2702"]
[BlackElo "2434"]
[WhiteFideId "608742"]
[BlackFideId "621650"]
[EventDate "2012.10.28"]

1. Nf3 Nf6 2. c4 e6 3. g3 d5 4. Bg2 dxc4 5. Qa4+ Nbd7 6. Qxc4 a6 7. Qc2 c5 8.
Nc3 Bd6 9. O-O O-O 10. d4 cxd4 11. Nxd4 Qe7 12. Rd1 Rd8 13. Nb3 Rb8 14. Be3 Bc7
15. Nb5 Bxg3 16. hxg3 axb5 17. Qc7 Ne8 18. Qa5 b6 19. Qxb5 Bb7 20. Bxb7 Rxb7 21.
Na5 Nd6 22. Rxd6 bxa5 23. Qc6 Rdb8 24. Rad1 Nf8 25. b3 h5 26. R6d4 Rc7 27. Qd6
Qxd6 28. Rxd6 Rc2 29. R1d2 Rxd2 30. Bxd2 Ra8 31. a4 Ng6 32. Rb6 Ne5 33. Rb5 Nc6
34. Rxh5 Nd4 35. Rxa5 Rb8 36. Be3 Nxe2+ 37. Kf1 Nc3 38. Bd4 Rxb3 39. Bxc3 Rxc3
40. Ra8+ 1-0

[Event "16th Corsica Masters KO"]
[Site "Bastia FRA"]
[Date "2012.10.29"]
[Round "2.1"]
[White "Bacrot, Etienne"]
[Black "Gharamian, Tigran"]
[Result "1-0"]
[WhiteTitle "GM"]
[BlackTitle "GM"]
[WhiteElo "2705"]
[BlackElo "2661"]
[WhiteFideId "605506"]
[BlackFideId "13301527"]
[EventDate "2012.10.28"]

1. d4 Nf6 2. c4 e6 3. Nf3 d5 4. g3 Bb4+ 5. Bd2 a5 6. Bg2 dxc4 7. O-O O-O 8. Qc2
b5 9. a4 c6 10. axb5 Bxd2 11. Nfxd2 Nd5 12. Qxc4 cxb5 13. Qxb5 Ba6 14. Qxa5 Qxa5
15. Rxa5 Nc6 16. Bxd5 exd5 17. Rxd5 Bxe2 18. Re1 Nb4 19. Rd6 Bg4 20. Nc3 Rab8
21. b3 Rfc8 22. Nd5 Nxd5 23. Rxd5 Be6 24. Rde5 Rd8 25. R5e4 Bd5 26. R4e3 Be6 27.
Rd3 Bf5 28. Ne4 Rb4 29. f3 Rbxd4 30. Rxd4 Rxd4 31. Kf2 Rb4 32. Nc5 h5 33. Rc1
Rb8 34. Rc4 Rd8 35. Ke3 Rd1 36. g4 Bg6 37. h4 Rh1 38. gxh5 Bxh5 39. Nd3 f6 40.
b4 Rb1 41. Rf4 Rb3 42. Kd2 Bg6 43. Nc5 Rb1 44. Kc3 Kh7 45. Nb3 Bf7 46. Nd2 Rc1+
47. Kb2 Rd1 48. Kc2 Ra1 49. b5 Bd5 50. Rb4 g5 51. hxg5 fxg5 52. b6 Bb7 53. Rd4
Kg6 54. Rd7 Ba6 55. Ra7 Ra2+ 56. Kc3 Ra3+ 57. Nb3 Ra4 58. Nd2 Ra3+ 59. Kb4 Ra2
60. b7 Rxd2 61. Rxa6+ Kf5 62. Kc3 Rd8 63. Ra8 1-0

[Event "16th Corsica Masters KO"]
[Site "Bastia FRA"]
[Date "2012.10.29"]
[Round "2.1"]
[White "Fressinet, Laurent"]
[Black "Van Wely, Loek"]
[Result "1/2-1/2"]
[WhiteTitle "GM"]
[BlackTitle "GM"]
[WhiteElo "2702"]
[BlackElo "2688"]
[WhiteFideId "608742"]
[BlackFideId "1000268"]
[EventDate "2012.10.28"]

1. d4 Nf6 2. Nf3 g6 3. c4 Bg7 4. g3 c6 5. Bg2 d5 6. b3 O-O 7. O-O dxc4 8. bxc4
c5 9. Bb2 Qb6 10. Qb3 Ne4 11. e3 Nc6 12. Ne5 Nd6 13. Nxc6 bxc6 14. dxc5 Qxc5 15.
Bxg7 Kxg7 16. Nd2 Be6 17. Rfc1 Rab8 18. Qc3+ Kg8 19. Rab1 Rfc8 20. Rb3 a5 21.
Rcb1 Ra8 22. Bf1 Rd8 23. Rc1 a4 24. Rb4 Bf5 25. Bg2 h5 26. a3 Ra7 27. h4 Raa8
28. Qb2 Ra7 29. Nf3 Be4 30. Ng5 Bxg2 31. Kxg2 Qf5 32. c5 Nb5 33. Rf4 Qd5+ 34. e4
Qb3 35. Qe5 f6 36. Qe6+ Qxe6 37. Nxe6 Rd3 38. e5 f5 39. Rb4 Rb3 40. Rbc4 Rxa3
41. Rd1 Ra8 42. Rd7 Kf7 43. Rd8 Rxd8 44. Nxd8+ Ke8 45. Nxc6 Rc3 46. Rxa4 Rxc5
47. Ra6 Nc7 48. Rb6 Ne6 49. f4 Rc2+ 50. Kf1 Rc3 51. Kf2 Rc2+ 52. Ke3 Rc3+ 53.
Kf2 Rc2+ 54. Ke3 Rc3+ 55. Kf2 Rc2+ 1/2-1/2

[Event "16th Corsica Masters KO"]
[Site "Bastia FRA"]
[Date "2012.10.29"]
[Round "2.2"]
[White "Brkic, Ante"]
[Black "Short, Nigel D"]
[Result "0-1"]
[WhiteTitle "GM"]
[BlackTitle "GM"]
[WhiteElo "2575"]
[BlackElo "2707"]
[WhiteFideId "14506688"]
[BlackFideId "400025"]
[EventDate "2012.10.28"]

1. e4 e5 2. Nf3 Nc6 3. Bb5 a6 4. Ba4 d6 5. c4 Bg4 6. Nc3 Nf6 7. d3 Be7 8. h3
Bxf3 9. Qxf3 O-O 10. Bxc6 bxc6 11. O-O Nd7 12. Be3 g6 13. Qd1 Qb8 14. Qd2 Bf6
15. g3 Bg7 16. f4 exf4 17. gxf4 f5 18. d4 fxe4 19. Nxe4 Nf6 20. Ng5 Qc8 21. d5
cxd5 22. cxd5 Qf5 23. Rad1 Rfe8 24. Ne6 Nxd5 25. Nxg7 Kxg7 26. Bf2 c6 27. Rc1
Rac8 28. Rfd1 Qxh3 29. Qd4+ Kg8 30. Rxc6 Qg4+ 31. Kh2 Nxf4 0-1

[Event "16th Corsica Masters KO"]
[Site "Bastia FRA"]
[Date "2012.10.29"]
[Round "2.2"]
[White "Gharamian, Tigran"]
[Black "Bacrot, Etienne"]
[Result "1-0"]
[WhiteTitle "GM"]
[BlackTitle "GM"]
[WhiteElo "2661"]
[BlackElo "2705"]
[WhiteFideId "13301527"]
[BlackFideId "605506"]
[EventDate "2012.10.28"]

1. e4 e5 2. f4 exf4 3. Nf3 Ne7 4. d4 d5 5. Nc3 dxe4 6. Nxe4 Ng6 7. Bd3 Be7 8.
O-O Bg4 9. c3 O-O 10. h3 Bh5 11. Qb3 Qc8 12. Qd5 Bxf3 13. Rxf3 c6 14. Qh5 Nd7
15. Bxf4 f5 16. Nd6 Nxf4 17. Nxc8 Nxh5 18. Nxe7+ Kh8 19. Bxf5 Nb6 20. g4 Nf6 21.
g5 Ne8 22. Raf1 g6 23. Bd3 Rxf3 24. Rxf3 Kg7 25. h4 Nd6 26. Rf6 Ne8 27. Rf2 Nd6
28. h5 gxh5 29. Rf6 Re8 30. Rxd6 Rxe7 31. Rh6 Kg8 32. Rxh5 Na4 33. Rh2 Rg7 34.
Rg2 Nb6 35. c4 Kf8 36. Kf2 Rf7+ 37. Ke3 Re7+ 38. Kd2 Rd7 39. Rg4 Rg7 40. b3 Nd7
41. Kc3 Ke7 42. a4 Nf8 43. Bf5 Rf7 44. Re4+ Kd8 45. Re5 Rg7 46. Be4 Ng6 47. Bxg6
Rxg6 48. Rf5 Ke7 49. d5 cxd5 50. Rxd5 h6 51. gxh6 Rxh6 52. a5 Ke8 53. Kb4 Rh3
54. Ka4 Rg3 55. Rd4 Ke7 56. Kb4 Ke8 57. Rd5 Ke7 58. Rb5 b6 59. axb6 axb6 60.
Rxb6 Kd7 61. Rh6 Kc7 62. c5 Kb7 63. Kc4 Kc7 64. b4 Kb7 65. Kb5 Kc7 66. Rh7+ Kc8
67. Kb6 Rg8 68. c6 Kb8 69. Rb7+ Kc8 70. Ra7 1-0

[Event "16th Corsica Masters KO"]
[Site "Bastia FRA"]
[Date "2012.10.29"]
[Round "2.2"]
[White "Van Wely, Loek"]
[Black "Fressinet, Laurent"]
[Result "0-1"]
[WhiteTitle "GM"]
[BlackTitle "GM"]
[WhiteElo "2688"]
[BlackElo "2702"]
[WhiteFideId "1000268"]
[BlackFideId "608742"]
[EventDate "2012.10.28"]

1. c4 Nf6 2. Nc3 e5 3. Nf3 Nc6 4. g3 d5 5. cxd5 Nxd5 6. Bg2 Nb6 7. O-O Be7 8. a3
O-O 9. b4 Re8 10. d3 Bf8 11. Nd2 Nd4 12. e3 Nf5 13. Qc2 a5 14. b5 Nd6 15. Rb1
Bf5 16. Nce4 Qc8 17. Rd1 Bg4 18. Re1 Bh3 19. Bh1 a4 20. Nc5 Kh8 21. Bb2 Ra5 22.
Ba1 Nxb5 23. Nxb7 Nxa3 24. Qc6 Nxb1 25. Rxb1 Ra7 26. d4 Bd7 27. Qf3 Bf5 28. e4
Bg4 29. Qxf7 Rxb7 30. dxe5 Be6 31. Qh5 g6 32. Qg5 Nc4 33. Rc1 Nxd2 34. Qxd2 Qb8
35. Qc2 a3 36. f4 a2 37. f5 Rb1 0-1

[Event "16th Corsica Masters KO"]
[Site "Bastia FRA"]
[Date "2012.10.29"]
[Round "2.3"]
[White "Gharamian, Tigran"]
[Black "Bacrot, Etienne"]
[Result "0-1"]
[WhiteTitle "GM"]
[BlackTitle "GM"]
[WhiteElo "2661"]
[BlackElo "2705"]
[WhiteFideId "13301527"]
[BlackFideId "605506"]
[EventDate "2012.10.28"]

1. e4 e5 2. f4 exf4 3. Nf3 Ne7 4. d4 d5 5. Nc3 dxe4 6. Nxe4 Nd5 7. Bd3 Be7 8.
O-O Bg4 9. Re1 O-O 10. Nf2 Bh5 11. c3 Nd7 12. Qb3 Bxf3 13. gxf3 N7b6 14. a4 Bh4
15. Re5 Re8 16. Rxe8+ Qxe8 17. Bd2 Qd8 18. Ne4 a5 19. Kh1 Qd7 20. Rf1 Qh3 21.
Qd1 Re8 22. Nf2 Qd7 23. Ng4 Qxa4 24. Bc2 Qd7 25. Ne5 Qh3 26. Rg1 g6 27. Bd3 Ne3
28. Qe2 Nbd5 29. c4 Nf6 30. Bxe3 fxe3 31. Qxe3 Nh5 32. Bf1 Qf5 33. Bd3 Qf4 34.
Qxf4 Nxf4 35. Be4 Bf2 36. Rd1 Bxd4 37. Rxd4 Rxe5 38. Rd8+ Kg7 39. Kg1 b5 40. Rd7
bxc4 41. Rxc7 Rb5 42. Bc6 Rc5 43. Rc8 c3 44. bxc3 Rxc3 45. Kf2 a4 0-1

[Event "16th Corsica Masters KO"]
[Site "Bastia FRA"]
[Date "2012.10.29"]
[Round "2.4"]
[White "Bacrot, Etienne"]
[Black "Gharamian, Tigran"]
[Result "1/2-1/2"]
[WhiteTitle "GM"]
[BlackTitle "GM"]
[WhiteElo "2705"]
[BlackElo "2661"]
[WhiteFideId "605506"]
[BlackFideId "13301527"]
[EventDate "2012.10.28"]

1. d4 Nf6 2. Nf3 e6 3. c4 c5 4. d5 d6 5. Nc3 a6 6. e4 g6 7. dxe6 Bxe6 8. Bf4 Nc6
9. Be2 Nh5 10. Bg5 Be7 11. Bh6 Qb6 12. Nd5 Bxd5 13. cxd5 Nd4 14. Nxd4 cxd4 15.
Bxh5 gxh5 16. O-O O-O-O 17. Bg7 Rhg8 18. Qxd4 Qa5 19. Bh6 Rg6 20. Rfc1+ Kd7 21.
Qe3 Rdg8 22. g3 h4 23. Bf4 hxg3 24. hxg3 h5 25. Qb3 b5 26. Qc3 Qxc3 27. Rxc3 h4
28. Kg2 hxg3 29. fxg3 Bf6 30. Rb3 Be5 31. Bxe5 dxe5 32. a4 b4 33. Rc1 Rg4 34.
Rc4 a5 35. Rf3 f5 36. Rxf5 Rxg3+ 37. Kf1 Rb3 38. Rf7+ Kd8 39. Rcc7 Rxb2 40.
Rcd7+ Kc8 41. Rc7+ Kd8 42. Rcd7+ 1/2-1/2

[Event "16th Corsica Masters KO"]
[Site "Bastia FRA"]
[Date "2012.10.29"]
[Round "3.1"]
[White "Short, Nigel D"]
[Black "Fressinet, Laurent"]
[Result "0-1"]
[WhiteTitle "GM"]
[BlackTitle "GM"]
[WhiteElo "2707"]
[BlackElo "2702"]
[WhiteFideId "400025"]
[BlackFideId "608742"]
[EventDate "2012.10.28"]

1. e4 e5 2. Nf3 Nc6 3. Bb5 a6 4. Ba4 Nf6 5. O-O Be7 6. Re1 b5 7. Bb3 O-O 8. d4
Nxd4 9. Nxd4 exd4 10. e5 Ne8 11. Qxd4 Bb7 12. Qg4 c5 13. c4 d6 14. Bf4 dxe5 15.
Bxe5 Bd6 16. Nc3 Nf6 17. Bxf6 Qxf6 18. cxb5 axb5 19. Nxb5 Be5 20. Rac1 Rae8 21.
Re3 Bxb2 22. Rxc5 Rxe3 23. fxe3 Qe7 24. Rc2 Qxe3+ 25. Rf2 Ba6 26. Qe2 Qc1+ 27.
Qd1 Bxb5 0-1

[Event "16th Corsica Masters KO"]
[Site "Bastia FRA"]
[Date "2012.10.29"]
[Round "3.2"]
[White "Fressinet, Laurent"]
[Black "Short, Nigel D"]
[Result "1/2-1/2"]
[WhiteTitle "GM"]
[BlackTitle "GM"]
[WhiteElo "2702"]
[BlackElo "2707"]
[WhiteFideId "608742"]
[BlackFideId "400025"]
[EventDate "2012.10.28"]

1. d4 e6 2. Nf3 c5 3. c4 cxd4 4. Nxd4 Nf6 5. Nc3 Nc6 6. g3 Qb6 7. Ndb5 Bc5 8. e3
O-O 9. Bg2 a6 10. Na3 Bxa3 11. bxa3 Ne5 12. Na4 Qd8 13. Qb3 d5 14. cxd5 exd5 15.
O-O b5 16. Nc5 Nc4 17. Qc3 Bf5 18. Qd4 Qe7 19. Nd3 Be4 20. f3 Bxd3 21. Qxd3 Rfe8
22. Re1 Rad8 23. Bd2 Nxd2 24. Qxd2 Qxa3 25. Rac1 h5 26. Rc3 Qa5 27. Rec1 Rd7 28.
a3 Rde7 29. Qd4 Qd8 30. Kf2 Qd7 31. h3 Qf5 32. Kg1 Qg5 33. Kf2 Qf5 34. Kg1 a5
35. Rb3 a4 36. Rbc3 Re6 37. Re1 Re5 38. Rc5 Qd7 39. Bf1 Qd6 40. Kg2 h4 41. gxh4
Nd7 42. Rxb5 Qxa3 43. Bd3 Nf8 44. Ra1 Qe7 45. Rxa4 Rxe3 46. Rxd5 Re1 47. Be4 Qc7
48. Qf2 Rc1 49. Ra7 Qb8 50. Rf5 Ng6 51. Ra8 Qxa8 52. Bxa8 Rxa8 53. h5 Ne7 54.
Rc5 Rca1 55. Qe3 Kf8 56. Re5 R1a2+ 57. Kg3 R2a7 58. h6 Ng6 59. hxg7+ Kxg7 60.
Re8 Rxe8 61. Qxa7 Re5 62. Qd4 Kh7 63. h4 Rh5 64. Qg4 Rxh4 65. Qxh4+ Nxh4 66.
Kxh4 Kg6 67. Kg4 f5+ 68. Kg3 Kg5 69. f4+ Kf6 70. Kf3 Ke6 71. Ke3 Kd5 72. Kd3 Kc5
73. Kc3 Kd5 74. Kd3 Kc5 75. Kc3 Kd5 1/2-1/2